Rubber based multispecies cropping system under rainfed condition of North East India (Record no. 67470)

MARC details
000 -LEADER
fixed length control field 00541nam a2200157Ia 4500
100 ## - MAIN ENTRY--AUTHOR NAME
Personal name Datta B
245 #0 - TITLE STATEMENT
Title Rubber based multispecies cropping system under rainfed condition of North East India
260 ## - PUBLICATION, DISTRIBUTION, ETC. (IMPRINT)
Name of publisher PLACROSYM XIX, 7-10 December 2010, Kottayam. Climate Change. 19th Biennial Symposium on Plantation Crops. Abstracts.pp.115-116.
650 ## - SUBJECT ADDED ENTRY--TOPICAL TERM
Topical Term Cropping system
650 ## - SUBJECT ADDED ENTRY--TOPICAL TERM
Topical Term Intercropping
650 ## - SUBJECT ADDED ENTRY--TOPICAL TERM
Topical Term North East India
700 ## - ADDED ENTRY--PERSONAL NAME
Personal name Dey S K
700 ## - ADDED ENTRY--PERSONAL NAME
Personal name Nair N U
942 ## - ADDED ENTRY ELEMENTS (KOHA)
Koha item type Journals
Holdings
Withdrawn status Lost status Damaged status Not for loan Home library Current library Date acquired Koha item type
      Journals RRII Library RRII Library 02/02/2011 Journals